000 00457nam a2200169Ia 4500
999 _c29431
_d29431
003 OSt
005 20201110160851.0
008 190216s9999||||xx |||||||||||||| ||und||
040 _coclc
082 _a894.8123
_bHAR/K
100 _aHarikumar, B
_96422
245 0 _aKanmani /
_cB Harikumar
260 _bCurrent Books,
_aThrissur:
_c2004.
300 _a173p
650 _aNovel
942 _cBK
_2ddc
_h894.8123
_iHAR/K
_k894.8123
_mHAR/K